| 000 | 00640cam a2200193 i 4500 | ||
|---|---|---|---|
| 020 | _a0486200515 | ||
| 100 | 1 |
_aCassirer, Ernst, _938827 |
|
| 245 | 1 | 0 |
_aLanguage and myth / _cErnst Cassirer |
| 260 |
_aNew York : _bDover Publications, _c1953, c1946. |
||
| 300 |
_a103 p. ; _c21 cm. |
||
| 500 | _a"Originally published in German as Number VI of the 'Studien der Bibliothek Warburg,' under the editorship of Fritz Saxl." | ||
| 500 | _aPublisher on spine: Peter Smith. | ||
| 526 |
_a0 _b0 _c0 |
||
| 650 | 0 |
_aEthnopsychology. _938828 |
|
| 650 | 0 |
_aMCE _9379 |
|
| 650 | 0 |
_aMythology. _938829 |
|
| 650 | 0 |
_aReligion. _95800 |
|
| 942 |
_2ddc _cBK |
||
| 999 |
_c543461 _d543461 |
||